000 00667nam a2200217Ia 4500
003 GCL
008 140319s9999 xx 000 0 ara d
040 _aGCL /
_cGCL
082 0 4 _a621.38238
_bح ا
100 1 _aحمدى قنديل
245 1 0 _aاتصالات الفضاء /
_cحمدى قنديل
250 _aالاولى
260 _aالقاهرة :
_bالهيئة المصرية العامة للكتاب ،
_c1985
300 _a412 ص
490 _a
650 0 4 _aالفضاء
650 0 4 _aالاتصالات
650 0 4 _aالاتصالات عبر الاقمار الصناعية
650 0 4 _aالاقمار الصناعية
942 _2ddc
_cBK
999 _c28547
_d28547